| 000 | 00579nam a2200217 i 4500 | ||
|---|---|---|---|
| 001 | 13861 | ||
| 003 | ES-MaACL | ||
| 005 | 20250804012817.0 | ||
| 007 | t| | ||
| 008 | 980714s1928 fr ||||1| fre d | ||
| 080 | _a111 | ||
| 080 | _a165.18 | ||
| 100 | 1 |
_aDurand-Doat, Jacques. _946265 |
|
| 245 | 1 | 0 |
_aEssai sur l'étendue / _cpar Jacques Durand-Doat. |
| 260 |
_aParis : _bJ. Vrin, _c1928. |
||
| 300 |
_a164 p. ; _c23 cm. |
||
| 650 | 7 |
_aMetafísica _2embne _915012 |
|
| 650 | 1 | 4 |
_aYo (Filosofía) _917858 |
| 852 |
_aES-MaACL _jL-21318 _bR.115717 |
||
| 999 |
_c13861 _d13861 |
||